Normal view
MARC view
Entry Personal Name
001 - CONTROL NUMBER
- control field: 57663
003 - CONTROL NUMBER IDENTIFIER
- control field: dpl
005 - DATE AND TIME OF LATEST TRANSACTION
- control field: 20231005120401.0
008 - FIXED-LENGTH DATA ELEMENTS
- fixed length control field: 231005|| aca||aabn | a|a d
040 ## - CATALOGING SOURCE
- Original cataloging agency: dpl
- Transcribing agency: dpl
100 ## - HEADING--PERSONAL NAME
- Personal name: तोमर.अनुपमा
670 ## - SOURCE DATA FOUND
- Source citation: Work cat.: (dpl)198676: तोमर.अनुपमा, कश्मीर समस्या/, 2022
